|
|
|
|
| LEADER |
00983nam a2200277 a 4500 |
| 001 |
c000382651 |
| 003 |
CARM |
| 005 |
00000000000000.0 |
| 008 |
851118s1985 enka 00110 eng d |
| 019 |
1 |
|
|a 4061097
|5 LACONCORD2021
|
| 020 |
|
|
|a 0006365280 (pbk.) :
|c $5.95 Aust
|
| 035 |
|
|
|a (OCoLC)19324314
|5 LACONCORD2021
|
| 040 |
|
|
|a WLB
|c WLB
|d VLIN
|
| 082 |
0 |
4 |
|a 616.865
|2 19
|
| 100 |
1 |
|
|a Mackarness, Richard.
|
| 245 |
1 |
2 |
|a A little of what you fancy :
|b how to control smoking and other cravings /
|c Richard Mackarness.
|
| 260 |
|
|
|a [London] :
|b Fontana Paperbacks,
|c 1985.
|
| 300 |
|
|
|a 192 p. :
|b ill. ;
|c 18 cm.
|
| 500 |
|
|
|a Includes index.
|
| 650 |
|
0 |
|a Smoking.
|
| 650 |
|
0 |
|a Tobacco use.
|
| 650 |
|
0 |
|a Allergy.
|
| 650 |
|
0 |
|a Drug allergy.
|
| 852 |
8 |
|
|b CARM
|h A3:AD33A0
|i A05548
|p 0478045
|f BK
|
| 999 |
f |
f |
|i 91cb6c6b-080a-5830-b1a6-914109bf3b99
|s dae36aa1-087f-5699-9123-c962e875a127
|
| 952 |
f |
f |
|p Can circulate
|a CAVAL
|b CAVAL
|c CAVAL
|d CARM 1 Store
|e A05548
|f A3:AD33A0
|h Other scheme
|i book
|m 0478045
|